| 000 | 00606nam a2200181Ia 4500 | ||
|---|---|---|---|
| 999 |
_c21817 _d21817 |
||
| 082 | _aRP.0254 | ||
| 100 | _aPatnaik, Nityananda | ||
| 245 | 0 | _aStudy on pilgrimage and Puri pilgrim centre | |
| 260 | _cIndian Council of Social Science Research.New Delhi | ||
| 300 | _a177p. | ||
| 504 | _aincludes bibliography | ||
| 650 | _aHindu pilimgrims and pilgrimages - Puri (Orissa) | ||
| 650 | _aHindu shrines - Puri (Orissa) | ||
| 650 | _aPilgrims and pilgrimages - Puri (Orissa) | ||
| 650 | _aPuri Pilgrim Centre | ||
| 710 | _aSocial Science and Development Research Institute (SSADRI) | ||
| 942 |
_cRP _2ddc |
||